| 000 | 02000cam a2200397 i 4500 | ||
|---|---|---|---|
| 003 | SA-RiAUC | ||
| 005 | 20241205072012.0 | ||
| 008 | 241205s1999 su a f f010 0 ara c | ||
| 017 | _a0140 / 20 | ||
| 020 | _a9960-03-467-4 | ||
| 020 | _a4278091 | ||
| 020 | _a9960034674 | ||
| 040 |
_aBAHA _bara _cSA-RiAUC _dSA-RiKSU _erda |
||
| 043 | _aa-su--- | ||
| 082 | 0 | 4 |
_a378.07 _qSA-RiAUC |
| 090 |
_a378.07 _bج ا م |
||
| 110 | 2 |
_aجامعة أم القرى. _bكلية الشريعة والدراسات الإسلامية _eمؤلف. |
|
| 245 | 1 | 0 | _aكلية الشريعة والدراسات الإسلامية بجامعة أم القرى في خمسين عاما. |
| 246 | 3 | _aكلية الشريعة والدراسات الإسلامية بجامعة أم القرى في 50 عاما | |
| 250 | _aالطبعة الأولى. | ||
| 264 | 1 |
_aمكة المكرمة : _bجامعة أم القرى، كلية الشريعة والدراسات الإسلامية، _c[1999] |
|
| 300 |
_a552 صفحة : _bجداول ؛ _c24 × 17 سم. |
||
| 336 |
_aنص _btxt _2rdacontent _3كتاب |
||
| 337 |
_aبدون وسيط _bn _2rdamedia |
||
| 338 |
_aمجلد _bnc _2rdacarrier |
||
| 490 | 0 |
_aمجموعة إصدارات الخمسينية ؛ _v1 |
|
| 500 | _aصدر بمناسبة احتفال جامعة أم القرى بمرور خمسين عاما على إنشاء كلية الشريعة والدراسات الإسلامية. | ||
| 500 | _aس ع / ج ق ر / 2 ك8ش4. | ||
| 610 | 2 | 7 |
_aجامعة أم القرى. _bكلية الشريعة والدراسات الإسلامية _xمطبوعات حكومية _2aucnm |
| 650 | 7 |
_aالجامعات والكليات الإسلامية _zمكة المكرمة _xمطبوعات حكومية _2aucsh |
|
| 650 | 7 |
_aالمطبوعات الحكومية _2aucsh |
|
| 650 | 7 |
_aالثقافة الإسلامية _2aucsh |
|
| 651 | 7 |
_aالسعودية _xمطبوعات حكومية _2aucsh |
|
| 942 |
_2ddc _cBOOK |
||
| 949 |
_aSA-JeALM _d241205 _ukhaled123 _n1 |
||
| 999 |
_c3040 _d3040 |
||